Normal view
MARC view
- Physics Experiments and Projects for students
Entry Topical Term
001 - CONTROL NUMBER
- control field: 125881
003 - CONTROL NUMBER IDENTIFIER
- control field: NUST
005 - DATE AND TIME OF LATEST TRANSACTION
- control field: 20240918103839.0
008 - FIXED-LENGTH DATA ELEMENTS
- fixed length control field: 240918|| aca||aabn | a|a d
040 ## - CATALOGING SOURCE
- Original cataloging agency: NUST
- Transcribing agency: NUST
150 ## - HEADING--TOPICAL TERM
- Topical term or geographic name entry element: Physics Experiments and Projects for students
670 ## - SOURCE DATA FOUND
- Source citation: Work cat.: (NUST): C. Isenberg 103658, Physics Experiments and Projects for students , 1998.
